Munkafüzet az olvasókönyvhöz a magyar tanítási nyelvű alapiskola 2. osztálya számára 1. rész

Podrobná bibliografia
Hlavní autori: Drozdík, Katalin (Autor), Kremmer, Júlia (Autor)
Ďalší autori: Šmídová, Klára, 1956- (Ilustrátor)
Médium: Kniha
Jazyk:maďarčina
Fyzický popis:48 s. ilustr. 30 cm
Vydavateľské údaje: Bratislava Slovenské pedagogické nakladateľstvo - Mladé letá 2010
ISBN:9788010018383
Vydanie:1. kiad.
Predmet:

MARC

LEADER 00000cam a2200000 a 4500
001 vtls010189609
003 SK-MaSNL
005 20260302044953.0
008 240314s2010 xo a b p 000 0 hun
015 |a SNBA2011/03-01348 
020 |a 9788010018383  |q (brož.) 
035 |a C2DE3C2F-92D7-4A4A-9111-0C60B5AB3F81 
035 |a urn:nbn:sk:snk-amjx4b 
035 |a urn:nbn:sk:snk-am007znh 
040 |a SNK  |b slo  |c SNK  |e AACR2 
041 0 |a hun 
044 |a xo  |c SK 
072 7 |a 811.511.1  |x Ugrofínske jazyky  |2 konspekt 
072 7 |a 37.016  |x Učebné osnovy. Vyučovacie predmety. Učebnice  |2 konspekt 
080 |a 811.511.141  |2 2001 
080 |a (075.2)  |2 2001 
080 |a (076.1)  |2 2001 
100 1 |a Drozdík, Katalin  |4 aut  |9 12925 
245 1 0 |a Munkafüzet az olvasókönyvhöz a magyar tanítási nyelvű alapiskola 2. osztálya számára  |n 1. rész  |c Drozdík Katalin, Kremmer Julianna ; [illusztráció Horváth Š. Klára] 
250 |a 1. kiad. 
260 |a Bratislava  |b Slovenské pedagogické nakladateľstvo - Mladé letá  |c 2010 
300 |a 48 s.  |b ilustr.  |c 30 cm 
500 |a Tir. aj slov. 
650 0 7 |a maďarčina  |2 SNKPH  |9 1492 
650 0 7 |a Hungarian language  |2 SNKPHeng  |9 266361 
655 7 |a učebnice základných škôl  |2 SNKPH  |9 70187 
655 7 |a pracovné zošity  |2 SNKPH  |9 70188 
655 7 |a Textbooks (elementary)  |2 SNKPHeng  |9 276977 
655 7 |a Activity books  |2 SNKPHeng  |9 302885 
700 1 |a Kremmer, Júlia  |4 aut  |9 45022 
700 1 |a Šmídová, Klára,  |d 1956-  |4 ill  |9 133350 
852 |a Štátna vedecká knižnica v Banskej Bystrici 
919 |a 978-80-10-01838-3 
958 |a HU 
958 |a NM 
968 |b 37 
999 |c 1091871  |d 1093801 
952 |a SNK  |b SNK  |y PREZ  |7 0  |p 17A0685734  |o snkSB 80795/1  |i snk2011/1404  |8 0  |0 0  |1 0  |4 0  |d 2011-01-20  |f 1  |l 0  |r 2025-05-05 00:00:00  |w 2026-02-24 
952 |a SNK  |b SNK  |y VYP  |7 0  |p 17A0685735  |o snkSB 80795/1 D1  |i snk2011/1405  |8 0  |0 0  |1 0  |4 0  |d 2011-01-20  |l 0  |r 2016-06-30 00:00:00  |w 2026-02-24